লোডিং...

Elements of quantum optics

গ্রন্থ-পঞ্জীর বিবরন
প্রধান লেখক: Meystre, Pierre
অন্যান্য লেখক: Sargent, Murray
বিন্যাস: Printed Book
ভাষা:English
প্রকাশিত: New York, Springer Verlag, 1991
সংস্করন:2nd ed.
বিষয়গুলি:
LEADER 00753nam a2200265 a 4500
001 adlib96000001
003 ViArRB
005 20160826100736.0
008 960221s1955 dcuabcdjdbkoqu001 0deng d
020 |a 3-540-54190-X 
022
040 |a Adlib 
082 |a 535.14 
245 |a  Elements of quantum optics 
250 |a 2nd ed. 
260 |a New York,  |b Springer Verlag,  |c 1991 
300 |a xiv, 496 p.,  |b ,  |c Book  
500 |a International School of Photonics 
653 |a Quantum opticsQuantum optics  
100 |a Meystre, Pierre 
700 |a Sargent, Murray 
942 |c BK  |6 _ 
942 |c BK 
999 |c 180859  |d 180859 
952 |0 0  |1 0  |4 0  |6 53514_PIE  |7 0  |9 233481  |a ISP   |b ISP  |d 0000-00-00  |o 535.14 PIE  |p ISP00143  |r 2016-08-26  |w 0000-00-00  |y BK